000 00335nam a2200157Ia 4500
100 _aDeitel/H.M/ Deitel/P.J
650 _aXML
942 _cBK
366 _f25
245 _aXML How to program:Featuring Java 2
260 _bPearson
_c2001
082 _a5.1
_bDEI
300 _a934
546 _aENGLISH
_celectronics
999 _c29213
_d29213